Исследование влияния условий нагружения на формирование структуры композита на основе NiAl с включениями TiC; Иерархические материалы: разработка и приложения для новых технологий и надежных конструкций
| Parent link: | Иерархические материалы: разработка и приложения для новых технологий и надежных конструкций.— 2018.— [С. 193] |
|---|---|
| Hlavní autor: | |
| Korporativní autor: | |
| Další autoři: | |
| Shrnutí: | Заглавие с экрана Режим доступа: по договору с организацией-держателем ресурса |
| Jazyk: | ruština |
| Vydáno: |
2018
|
| Edice: | Проблемы компьютерного конструирования материалов с иерархической структурой |
| Témata: | |
| On-line přístup: | https://elibrary.ru/item.asp?id=36748866 http://dx.doi.org/10.17223/9785946217408/114 |
| Médium: | MixedMaterials Elektronický zdroj Kapitola |
| KOHA link: | https://koha.lib.tpu.ru/cgi-bin/koha/opac-detail.pl?biblionumber=659832 |
MARC
| LEADER | 00000nla2a2200000 4500 | ||
|---|---|---|---|
| 001 | 659832 | ||
| 005 | 20240214153457.0 | ||
| 035 | |a (RuTPU)RU\TPU\network\28641 | ||
| 035 | |a RU\TPU\network\28638 | ||
| 090 | |a 659832 | ||
| 100 | |a 20190402a2018 k y0rusy50 ca | ||
| 101 | 0 | |a rus | |
| 102 | |a RU | ||
| 105 | |a y z 100zy | ||
| 135 | |a drgn ---uucaa | ||
| 181 | 0 | |a i | |
| 182 | 0 | |a b | |
| 200 | 1 | |a Исследование влияния условий нагружения на формирование структуры композита на основе NiAl с включениями TiC |f Ю. А. Чумаков, А. Г. Князева | |
| 203 | |a Текст |c электронный | ||
| 225 | 1 | |a Проблемы компьютерного конструирования материалов с иерархической структурой | |
| 300 | |a Заглавие с экрана | ||
| 333 | |a Режим доступа: по договору с организацией-держателем ресурса | ||
| 463 | 0 | |0 (RuTPU)RU\TPU\network\28560 |t Иерархические материалы: разработка и приложения для новых технологий и надежных конструкций |o международный симпозиум, 1-5 октября 2018 года, Томск, Россия |o тезисы докладов международной конференции "Перспективные материалы с иерархической структурой для новых технологий и надежных конструкций" |o тезисы докладов международной конференции "Химия нефти и газа" |f Российская академия наук (РАН), Сибирское отделение (СО), Институт физики прочности и материаловедения (ИФПМ) ; Российская академия наук (РАН), Сибирское отделение (СО), Институт химии нефти (ИХН) ; Национальный исследовательский Томский политехнический университет (ТПУ) |v [С. 193] |d 2018 | |
| 610 | 1 | |a электронный ресурс | |
| 610 | 1 | |a труды учёных ТПУ | |
| 610 | 1 | |a нагружение | |
| 610 | 1 | |a синтез | |
| 610 | 1 | |a композиты | |
| 610 | 1 | |a композиционные материалы | |
| 610 | 1 | |a добавки | |
| 610 | 1 | |a порошки | |
| 610 | 1 | |a металлы | |
| 610 | 1 | |a карбид титана | |
| 610 | 1 | |a напряженно-деформированные состояния | |
| 700 | 1 | |a Чумаков |b Ю. А. | |
| 701 | 1 | |a Князева |b А. Г. |c российский физик |c профессор Томского политехнического университета, доктор физико-математических наук |f 1962- |g Анна Георгиевна |3 (RuTPU)RU\TPU\pers\25578 |9 11508 | |
| 712 | 0 | 2 | |a Национальный исследовательский Томский политехнический университет |b Инженерная школа новых производственных технологий |b Отделение материаловедения |3 (RuTPU)RU\TPU\col\23508 |
| 801 | 2 | |a RU |b 63413507 |c 20191118 |g RCR | |
| 856 | 4 | |u https://elibrary.ru/item.asp?id=36748866 | |
| 856 | 4 | |u http://dx.doi.org/10.17223/9785946217408/114 | |
| 942 | |c CF | ||